00453nam a2200133Ia 4500008004100000100002100041245002600062250000800088260002500096300000800121942001200129999001500141952016300156191201s2014 xx 000 0 und d aDIETER, George E 0aMechanical Metallurgy aIMP c2014bTMHaNEW DELHI a751 2ddccBK c8134d8134 00102ddc40708Dip MEaPIETbPIETd2015-01-12eKIRTI PRAKASHAN, NEW DELHIg625.00k2076l0o620.163 DIMpDE1221r2019-12-04 00:00:00v418.75w2015-01-12yBK